Test de Rapidité - De 0 à 30 puis de 30 à 0 (Impossible) - Statistiques

Statistiques générales
  • Ce quiz a été pris 5 894 fois
  • Le résultat moyen est 22 sur 62
Statistiques - réponses
Réponse % Correct
0
100%
1
93%
2
91%
3
90%
4
89%
5
89%
6
88%
7
87%
8
87%
9
86%
10
82%
11
80%
12
76%
13
74%
14
73%
15
72%
16
70%
17
69%
18
68%
19
65%
20
61%
21
59%
22
55%
23
51%
24
48%
25
47%
26
45%
27
42%
28
40%
29
36%
30
31%
30
17%
29
10%
27
8%
28
8%
26
6%
25
5%
23
4%
24
4%
20
2%
21
2%
22
2%
0
1%
1
1%
11
1%
12
1%
13
1%
14
1%
15
1%
16
1%
17
1%
18
1%
19
1%
10
0%
2
0%
3
0%
4
0%
5
0%
6
0%
7
0%
8
0%
9
0%
Aucun quiz correspondant
Distribution des résultats
% des personnes avec chaque résultat
Percentile par nombre de réponses
Votre historique - résultats
Vous n’avez pas pris ce quiz